00675nam a2200205 4500999001900000005001700019010001500036020002700051035001400078037001300092082001000105100002400115245006300139260003600202270003900238300002200277500002400299942002400323952012200347 c163455d16345520190415161547.0 aENG-125062 a9789381992081c230..00 aEN-108594 bDBAD/PUB a306.3 aEgaraj, K. Florence aPrinciples of industrial sociology/cby K. Florence Egaraj aChennaibToday Publishersc2012 a192, Bells RoadbChenaieChennai-5 a417p.c21cm.(Pbk) aincludes references 2ddccENh306.3mEGA 001040708NFICaZLSbZLSd2019-04-15eDBAD/PUBg230.00l0o306.3 EGApEN-108594r2019-04-15 00:00:00t1v230.00yEN